| 000 | 01478nam0a2200337 4500 | ||
|---|---|---|---|
| 001 | RU\NLR\bibl\64197 | ||
| 005 | 20250616092646.0 | ||
| 010 |
_a5-7866-0063-7 _93000 |
||
| 021 |
_aRU _b99-26387 _91281 |
||
| 035 | _a(NLR Aleph) 000062643 | ||
| 090 |
_a341990 _c341990 |
||
| 100 | _a19991217d1999 |||y0rusy50 ca | ||
| 101 | 0 | _arus | |
| 102 | _aRU | ||
| 105 | _aa ||||||||| | ||
| 200 | 1 |
_aЭкономическая география и регионалистика _eУчеб. пособие [для вузов] _fС.С. Шишов |
|
| 205 | _a2-е изд., перераб. и доп. | ||
| 210 |
_aМ. _cФинстатинформ _d1999 |
||
| 215 |
_a184, [1] с. _e1 отд. л. цв. карт. _d21 |
||
| 320 | _aБиблиогр.: с. 183 (19 назв.) | ||
| 607 |
_aРоссийская Федерация _jРуководства, пособия и т.п. для высшей школы _xЭкономическая география _92081382 _3RU\NLR\auth\661257360 |
||
| 607 |
_aРоссийская Федерация _jУчебные издания для высшей школы _xЭкономическая география _92081382 _3RU\NLR\auth\661257360 |
||
| 686 | _aУ04(2)я73-1 | ||
| 700 | 1 |
_aШишов _bС. С. _gСергей Сергеевич _4070 |
|
| 801 | 0 |
_aRU _bNLR _c19991217 _gPSBO |
|
| 801 | 1 |
_aRU _bNLR _c19991217 |
|
| 830 | _aАвт. по кн. | ||
| 852 |
_aNLR _j99-5/4176 |
||
| 942 | _cBOOK | ||
| 980 | _aNB | ||